| 000 | 00349nam a22001457a 4500 | ||
|---|---|---|---|
| 003 | SGT | ||
| 082 |
_a617 _bA21S |
||
| 100 | _aSOME, SOWBIR | ||
| 245 | _aTo analyze the impact of Operative time in Laparoscopic Cholecystectomy | ||
| 260 |
_aGURUGRAM _bSGT UNIVERSITY _c2021 |
||
| 300 | _a156 | ||
| 650 | _aSURGERY | ||
| 653 | _aM.S | ||
| 942 |
_2ddc _cTH |
||
| 999 |
_c26498 _d26498 |
||